000 00695nam a2200241Ia 4500
003 OSt
005 20221002051545.0
006 a|||||r|||| 00| 0
007 ta
008 220930b |||||||| |||| 00| 0 eng d
024 _a30339
037 _cReference Collections
040 _aCRL
_cCRL
_beng
041 _2eng
_aeng
082 _aM140t6.2.M7, M5;M8.2(RR)
100 _aKesavan B S
_96782
245 0 _aHistory of printing and publishing in India
260 _aNew Delhi
_bNational Book trust
_c1988
300 _a782p
_ccm.
650 _aINDUSTRIAL ARTS
942 _hM140t6.2.M7, M5;M8.2(RR)
_cref
_2CC
999 _c917161
_d917161